[Event "Clash of Blames WCE 2024"]
[Site "London"]
[Date "2024.08.21"]
[Round "31"]
[White "Kramnik, Vladimir"]
[Black "Martinez Alcantara, Jose Eduardo"]
[Result "1-0"]
[WhiteElo "2753"]
[BlackElo "2612"]
[Annotator "TA"]
[PlyCount "113"]
[EventDate "2024.08.25"]
[EventType "match"]
[EventRounds "36"]
[EventCountry "ENG"]
[SourceTitle "playchess.com"]
[Source "ChessBase"]
[SourceQuality "1"]

{[%evp 17,112,51,47,46,50,43,47,15,20,5,0,1,43,0,0,0,1,18,12,0,0,0,10,0,0,-6,0,-28,-6,-23,-29,-56,-50,-67,-37,-52,-54,-51,-44,-118,-60,-95,-94,-109,-106,-133,-122,-160,-158,-173,-179,-244,-236,-228,-250,-231,-191,-266,-176,-191,-72,-141,0,-5,-7,0,0,0,0,0,183,61,383,375,1182,552,574,545,539,558,532,518,891,872,1748,1529,29985,29986,29984,29981,29980,4733,2217,687,29986,29987,29999]} 1. e4 e5 2. Nf3 Nc6 3. Bb5 a6 4. Ba4 d6 5. c3 Bd7 6. O-O Nf6 7. d4 Be7 8. Re1 O-O 9. h3 h6 10. Nbd2 b5 11. Bc2 Re8 12. d5 {White is slightly better.} Na5 13. b4 Nb7 14. a4 c5 15. dxc6 Bxc6 16. Nf1 a5 17. axb5 Bxb5 18. Ng3 Qc7 19. Bd2 Bf8 20. Bb3 Bc4 21. Ba4 Red8 22. Nf5 Be6 {White should prevent ...d5.} 23. Ng3 d5 24. exd5 Nxd5 {[%cal Bf6d5,Bd5b6,Bb6c4][%mdl 32]} 25. Rc1 Nb6 {Hoping for ...Nxa4.} 26. Bc2 Nc4 27. Qe2 {[%cal Od2g5]} g6 28. Be4 {[#]} (28. h4 $15) 28... Rab8 (28... Bg7 $1 $17 29. Ra1 Rab8) 29. Red1 Nbd6 30. Bb1 Bg7 31. Be1 a4 32. h4 a3 33. h5 g5 34. Nh2 (34. Ne4 {might work better.}) 34... f5 35. Ba2 {[%cal Od1d6]} Qf7 36. Nf3 Rbc8 37. b5 (37. Ra1 $142) 37... Kh8 (37... Nxb5 38. Rxd8+ Rxd8 39. Nxf5 Qxf5 40. Bxc4 $17) 38. b6 Qb7 (38... Nxb6 $2 39. Nxe5 Bxa2 40. Nxf7+ $18) (38... Re8 $19 39. Rb1 Rc6) 39. Nd4 ({White should play} 39. Nd2 Qxb6 40. Nxc4 Nxc4 (40... Bxc4 41. Rxd6 Qxd6 42. Bxc4 $14) 41. Nxf5 Bxf5 42. Bxc4) 39... Bd7 ({Better is} 39... exd4 $17 40. Qxe6 Re8) 40. Bxc4 $11 exd4 (40... Rxc4 $2 41. Ndxf5 Bxf5 42. Nxf5 $18) 41. Ba6 Qxb6 42. Bxc8 Bxc8 43. cxd4 Ba6 $2 {[#]} (43... f4 $1 $11 44. Nf1 Qa6 45. Qxa6 Bxa6) 44. Qe7 (44. Qf3 $1 $18 {Strongly threatening Rc6.} a2 45. Qa3 (45. Nxf5 Bb7 $14)) 44... Bb5 {[%mdl 8192] Against Rc6} (44... Re8 $1 $14 45. Ba5 Rxe7 46. Bxb6 f4) 45. Bb4 $18 {Rc7 would now be deadly.} ({Don't play} 45. Rc7 Ne8 $18) 45... Ne4 $2 (45... a2 46. Rc7 Ne8) 46. Nxe4 (46. Nxf5 $142 {[%csl Gf5][%cal Re7g7]} Bf8 47. Qxe4) 46... fxe4 47. Bxa3 Re8 48. Qc5 Qa6 49. Bb4 Bd3 (49... Be2 $142 50. Re1 Bxh5) 50. d5 g4 {[%cal Bg5g4,Bg4g3][%mdl 32]} 51. Bc3 g3 52. Bxg7+ Kxg7 53. Qc7+ Kh8 54. Qxg3 (54. Rc6 $142 gxf2+ 55. Kh2 (55. Kxf2 e3+ 56. Kg1 e2 $18) 55... e3 56. Rxa6 Bxa6 57. Qc6 Bb5 58. Qxh6+ (58. Qxb5 Rf8 59. d6 Kh7 60. d7 Rd8 61. Rd6 Kg7 62. Qe5+ Kh7 63. Qe7+ Kh8 64. Qxd8+ Kh7 65. Qe7+ Kh8 66. d8=Q#) 58... Kg8 59. d6) 54... Qf6 55. Qg6 Qf8 56. Rc7 {[%csl Gg6][%cal Rc7h7]} e3 57. Rh7# {Quite a comeback for White.   Weighted Error Value: White=0.36/Black=0.49.  Loses game:     	---       	Black=2      Mistake:       	White=6     	Black=5      Inaccurate:     	White=6     	Black=4      OK:         	White=17    	Black=18     Best:        	White=2     	---} 1-0

[Event "Clash of Blames WCE 2024"]
[Site "London"]
[Date "2024.08.21"]
[Round "32"]
[White "Martinez Alcantara, Jose Eduardo"]
[Black "Kramnik, Vladimir"]
[Result "0-1"]
[WhiteElo "2612"]
[BlackElo "2753"]
[Annotator "TA"]
[PlyCount "84"]
[EventDate "2024.08.25"]
[EventType "match"]
[EventRounds "36"]
[EventCountry "ENG"]
[SourceTitle "playchess.com"]
[Source "ChessBase"]
[SourceQuality "1"]

{[%evp 9,84,28,25,20,36,29,23,0,-12,0,26,4,0,-2,0,-8,0,-23,37,0,37,10,16,12,13,0,0,0,0,-22,0,-17,0,-45,-45,-49,0,0,0,0,0,0,0,-4,0,-18,7,0,8,11,25,32,14,27,26,12,170,140,257,0,0,0,0,-65,0,0,0,0,0,-8,-6,-363,-348,-4718,-4710,-6008,-5763]} 1. e4 {[%cal Be2e4,Be4e5][%mdl 32]} c5 {[%cal Bc7c5,Bc5c4][%mdl 32]} 2. c3 Nf6 3. e5 Nd5 4. Bc4 {[%cal Bf1c4,Bc4b3,Bb3c2][%mdl 32]} Nb6 5. Bb3 c4 6. Bc2 d6 7. exd6 Qxd6 8. Ne2 {White has an edge.} Nc6 9. O-O Bg4 10. Na3 e6 11. Qe1 Qe5 12. Ng3 Bxa3 13. bxa3 {[#] Qxe5 is the strong threat.} O-O (13... O-O-O $11) 14. a4 Rfd8 15. Rb1 Qxe1 16. Rxe1 g6 17. f3 (17. h3 $5 Bf5 $8 18. Nxf5 exf5 19. g3 $14) 17... Bf5 18. Nxf5 exf5 19. Re2 Rd5 20. Rb5 Rad8 21. Rxd5 Nxd5 22. g3 f6 (22... Kg7 $15) 23. f4 $11 Kf7 24. Kf2 Nb6 25. Ba3 Rd5 26. h3 h5 27. Kf3 g5 28. Kf2 h4 29. gxh4 gxf4 30. Kf3 Ne5+ $1 31. Kxf4 Nd3+ 32. Bxd3 Rxd3 $2 (32... cxd3 $11 {and Black has nothing to worry.} 33. Re7+ Kg6) 33. Kxf5 {[%mdl 4096] Endgame. KRB-KRN} Nd5 {Inhibits Re7+.} (33... Rd5+ $16 34. Kg4 Nd7) 34. Re4 $2 (34. Kg4 $18) 34... Rxd2 35. Bc5 {Wards off Rf2+} (35. Rxc4 $2 Ne3+ (35... Rxa2 36. Bc5 $11) 36. Ke4 Nxc4 $19) 35... b6 36. Bd4 (36. Rd4 $11 Rf2+ (36... Rxa2 37. Rxd5 bxc5 38. Rxc5 $16) 37. Kg4) 36... Rd3 {Black has more active pieces.} (36... Ne7+ $1 $15 37. Kf4 Rxa2) 37. Kg4 Nxc3 38. Bxc3 Rxc3 39. Rd4 Rc1 {And now ...c3 would win.} 40. Kf5 $2 {[%mdl 8192] [#]} (40. h5 $1 $11) 40... c3 $1 $19 ({Not} 40... Rf1+ 41. Ke4 $11) 41. Rd7+ $2 (41. Rf4 Re1 (41... c2 42. Rf2 $15) 42. Rf2) 41... Ke8 42. Rc7 c2 {Black used his chance.   Weighted Error Value: White=0.59/Black=0.19 (very precise) .  Loses game:     	White=1     	---        Missed win:     	White=1     	---        Mistake:       	White=2     	Black=5      Inaccurate:     	White=3     	Black=2      OK:         	White=13    	Black=11     Best:        	White=1     	Black=1      Strong:       	---       	Black=2} 0-1

[Event "Clash of Blames WCE 2024"]
[Site "London"]
[Date "2024.08.21"]
[Round "33"]
[White "Kramnik, Vladimir"]
[Black "Martinez Alcantara, Jose Eduardo"]
[Result "0-1"]
[WhiteElo "2753"]
[BlackElo "2612"]
[Annotator "TA"]
[PlyCount "84"]
[EventDate "2024.08.25"]
[EventType "match"]
[EventRounds "36"]
[EventCountry "ENG"]
[SourceTitle "playchess.com"]
[Source "ChessBase"]
[SourceQuality "1"]

{[%evp 22,84,38,12,58,52,41,54,62,25,35,51,41,43,59,60,118,109,188,14,18,23,61,59,61,17,61,0,0,-136,-163,-161,-138,-137,-35,-36,-21,-78,-85,-353,-360,-356,-362,-518,-379,-528,-502,-875,-565,-929,-437,-394,0,-580,-565,-519,-257,-639,-650,-634,-377,-609,-265,-1241,-1231]} 1. e4 e5 2. Nf3 Nc6 3. Bb5 a6 4. Ba4 Nf6 5. O-O Be7 6. Re1 b5 7. Bb3 O-O 8. c3 d6 9. h3 Na5 10. Bc2 c5 11. d4 Nd7 12. d5 Nc4 (12... Qc7 $11 {is more appropriate.}) 13. b3 $14 Ncb6 14. Nbd2 g6 {White is slightly better.} 15. a4 bxa4 16. bxa4 {a5 would now be deadly.} a5 $1 17. Bd3 f5 18. Bb5 Rb8 (18... f4 $14) 19. c4 $16 Nf6 {[#]} (19... Ra8 $16 {was worth a try.}) 20. Bb2 $2 ({White should play} 20. exf5 $1 $18 gxf5 21. Nb3) 20... Nxe4 $11 21. Nxe4 fxe4 22. Nd2 e3 23. fxe3 Bf5 24. Bc3 (24. Qe2 $14) 24... Bd3 25. Qg4 {[#]} (25. Nb3 $11 e4 (25... Bxc4 26. Nxa5 Bxb5 27. axb5 $14) 26. Nxa5 (26. Bxa5 Bh4 $17)) 25... h5 $1 $36 {[%mdl 2048] Black is really pushing.} 26. Qe6+ Kh7 27. Rf1 (27. Bxa5 $2 {perishes.} Bf5 28. Red1 (28. Bxb6 $2 Rxb6 29. a5 Rb7 $19) 28... Bxe6 $19) 27... Rxf1+ ({Black should try} 27... Bf5 $17 28. Rxf5 gxf5 29. Bxa5 Bg5) 28. Rxf1 $15 Bxf1 29. Nxf1 (29. Kxf1 $11 Qf8+ 30. Ke2) 29... Qf8 $17 {[%cal Ob6a4] And now ...Nxa4! would win.} 30. Bxa5 $2 {[%mdl 8192] [#]} (30. Ng3 $17) 30... Nxa4 $1 $19 {[%mdl 512]} 31. Ng3 (31. Nd2 Bg5) 31... Nb2 32. Qd7 (32. Ne4 {keeps fighting.} Nd1 33. Bc7 (33. Bd2 $2 Ra8 $19)) 32... Kh6 33. Ne4 Ra8 34. Bc3 (34. Bd2 $142) 34... Nd3 {...Nc1 is the strong threat.} 35. Kh2 Rd8 (35... Nf4 $142 {Threatens to win with ...Ne2.} 36. Bxe5 dxe5) 36. Qe6 Ra8 {Against Ba4} (36... Bh4 $19 37. Ba5 Ra8) 37. Bd2 $2 {[%mdl 8192]} (37. Qd7 $1 $11 Nf2 38. Ng3 (38. Nxf2 $2 Qxf2 $19)) 37... Ra7 38. Bc6 Qf5 (38... Ra2 $142 39. h4 Bxh4) 39. Qxf5 $2 (39. Ng3 Qxe6 40. dxe6) 39... gxf5 40. Ng3 Kg6 41. e4 $2 (41. Be8+ Kg5 42. h4+ Kxh4 (42... Kg4 43. Bxh5+ Kxh4 44. Be2 $17) 43. Nxf5+ Kg4 44. Ng3) 41... fxe4 (41... f4 $142 42. Be8+ Kg5) 42. Bd7 $2 (42. Be8+ Kg7 43. Nxh5+ Kh8 44. Ng3) 42... Rxd7 {Weighted Error Value: White=1.33/Black=0.96.  Loses game:     	White=2     	---        Missed win:     	White=1     	---        Mistake:       	White=7     	Black=4      Inaccurate:     	White=4     	Black=3      OK:         	White=8     	Black=8      Best:        	White=2     	---        Strong:       	---       	Black=2      Brilliant:      	---       	Black=1} 0-1

[Event "Clash of Blames WCE 2024"]
[Site "London"]
[Date "2024.08.21"]
[Round "33"]
[White "Kramnik, Vladimir"]
[Black "Martinez, Jose"]
[Result "0-1"]
[WhiteElo "2676"]
[BlackElo "2691"]
[Annotator "RC"]
[PlyCount "84"]
[EventDate "2024.08.25"]
[EventType "match"]
[EventRounds "36"]
[EventCountry "ENG"]
[SourceTitle "playchess.com"]
[Source "ChessBase"]
[SourceQuality "1"]

1. e4 e5 2. Nf3 Nc6 3. Bb5 a6 4. Ba4 Nf6 5. O-O Be7 6. Re1 b5 7. Bb3 O-O 8. c3 d6 9. h3 Na5 10. Bc2 c5 11. d4 Nd7 12. d5 Nc4 13. b3 Ncb6 14. Nbd2 g6 15. a4 bxa4 16. bxa4 a5 17. Bd3 f5 18. Bb5 Rb8 19. c4 Nf6 20. Bb2 Nxe4 21. Nxe4 fxe4 22. Nd2 e3 23. fxe3 Bf5 24. Bc3 Bd3 25. Qg4 h5 26. Qe6+ Kh7 27. Rf1 Rxf1+ 28. Rxf1 Bxf1 29. Nxf1 Qf8 30. Bxa5 Nxa4 31. Ng3 Nb2 32. Qd7 Kh6 33. Ne4 Ra8 34. Bc3 Nd3 35. Kh2 Rd8 36. Qe6 Ra8 37. Bd2 Ra7 38. Bc6 Qf5 39. Qxf5 gxf5 40. Ng3 Kg6 41. e4 fxe4 42. Bd7 Rxd7 0-1

[Event "Clash of Blames WCE 2024"]
[Site "London"]
[Date "2024.08.21"]
[Round "34"]
[White "Martinez Alcantara, Jose Eduardo"]
[Black "Kramnik, Vladimir"]
[Result "1-0"]
[WhiteElo "2612"]
[BlackElo "2753"]
[Annotator "TA"]
[PlyCount "101"]
[EventDate "2024.08.25"]
[EventType "match"]
[EventRounds "36"]
[EventCountry "ENG"]
[SourceTitle "playchess.com"]
[Source "ChessBase"]
[SourceQuality "1"]

{[%evp 25,101,12,29,21,23,26,26,26,48,48,43,45,45,45,52,43,79,83,111,100,97,70,103,116,172,188,173,176,189,139,130,139,144,134,154,156,154,153,160,160,159,160,160,160,158,162,162,162,517,484,891,900,877,833,789,671,683,667,1348,1111,1288,1137,29978,29979,29980,29981,29981,29982,29980,29981,29985,29982,29986,29986,29986,29986,29992,29993]} 1. e4 c5 2. Nc3 d6 3. d4 cxd4 4. Qxd4 Nc6 5. Qd1 g6 6. Nf3 Bg7 7. h3 Nf6 8. Bc4 O-O 9. O-O Be6 {B70: Sicilian Dragon: 6 g3 and 6 Be2 (without a later Be3).} 10. Bb3 Bxb3 $146 ({Predecessor:} 10... Rc8 11. Bg5 h6 12. Be3 a6 13. Qd2 Kh7 14. Nh4 Na5 15. f4 b5 16. Qd3 Bc4 17. Bxc4 Nxc4 {0-1 Bernal Morales,M (1495)-Castano Herrera,J (1810) Medellin Castro Memorial op-B 31st 2024 (3)}) 11. axb3 Rc8 12. Re1 a6 13. Bg5 h6 14. Bf4 g5 15. Bg3 Nb4 16. Qd2 d5 17. e5 (17. exd5 {simplifies} Nbxd5 18. Nxd5 Qxd5 19. Qxd5 Nxd5 20. c4) 17... Ne4 18. Nxe4 dxe4 19. Qxb4 exf3 20. Rad1 Qc7 21. c3 (21. gxf3 a5 22. Qg4 Qxc2 $17) 21... Qc6 22. gxf3 Qxf3 23. Rd7 h5 24. Qxb7 (24. Qxe7 {feels hotter.} h4 25. Re3 Qf5 26. Bh2) 24... Qf5 (24... Qxb7 $16 25. Rxb7 h4) 25. Rxe7 $18 h4 26. Bh2 Rb8 27. Qe4 (27. Qxa6 $6 g4 $14) (27. Qd7 $18 Qxd7 28. Rxd7 Rxb3 29. c4 Rxh3 30. c5) 27... Qxe4 $16 28. Rxe4 Rxb3 29. Re2 Rd8 30. Kg2 Bf8 31. Ra7 Rb6 32. e6 Rxe6 33. Rxe6 fxe6 34. Rxa6 Rd2 35. b4 ({Weaker is} 35. Rxe6 Bc5 $11) 35... Bg7 36. Rc6 (36. Rxe6 Bxc3 37. Rg6+ Kf7 38. Rxg5 Bxb4 $11) 36... Rc2 $2 (36... Rb2 37. Rxe6 Bxc3) 37. b5 $18 e5 (37... Kf7 $142 38. b6 Rb2 39. Rc7+ Kg6) 38. b6 $18 Rb2 39. Kf3 Kf7 40. Ke4 Re2+ 41. Kd5 g4 42. hxg4 Rd2+ 43. Ke4 Rxf2 44. Rc7+ (44. Bxe5 Re2+ 45. Kd3 Rxe5 $15) 44... Ke6 45. b7 Re2+ 46. Kf3 Rb2 47. Rxg7 Kd5 48. Rd7+ Kc6 49. Re7 h3 50. Bxe5 Kd5 51. c4+ 1-0

[Event "Clash of Blames WCE 2024"]
[Site "London"]
[Date "2024.08.21"]
[Round "35"]
[White "Kramnik, Vladimir"]
[Black "Martinez Alcantara, Jose Eduardo"]
[Result "0-1"]
[WhiteElo "2753"]
[BlackElo "2612"]
[Annotator "TA"]
[PlyCount "212"]
[EventDate "2024.08.25"]
[EventType "match"]
[EventRounds "36"]
[EventCountry "ENG"]
[SourceTitle "playchess.com"]
[Source "ChessBase"]
[SourceQuality "1"]

{[%evp 120,212,-220,-220,-220,-213,-206,-206,-206,-213,0,-199,-199,-198,-191,-198,-191,-191,-191,-341,-242,-341,-199,-333,-333,-333,-333,-333,-333,-333,-333,-333,-295,-333,-199,-333,-309,-291,-292,-289,-199,-199,-144,-372,-333,-326,-316,-326,-326,-326,0,-284,-199,-326,-199,-326,-326,-376,-199,-199,-199,-376,-365,-350,-199,-199,-199,-29970,-29971,-29971,-29972,-29972,-29973,-29973,-29974,-29974,-29974,-29976,-29977,-29977,-29976,-29976,-29977,-29978,-29979,-29980,-29979,-29979,-29979,-29980,-29981,-29981,-29982,-29982,-29983]} 1. e4 e5 2. Nf3 Nc6 3. Bb5 a6 4. Ba4 d6 5. c3 Bd7 6. d4 Nge7 7. dxe5 dxe5 {C75: Ruy Lopez: Deferred Steinitz: 5 c3 Bd7 6 d4 without ...g6.} 8. O-O Ng6 9. Be3 Be7 10. Nbd2 O-O 11. b4 Kh8 12. Bc2 $146 ({Predecessor:} 12. Bb3 f5 13. exf5 Bxf5 14. Bc2 Bxc2 15. Qxc2 Nf4 16. Ne4 Qd3 17. Qxd3 Nxd3 18. Rfd1 {½-½ Kotan,L (2305)-Lancz,O Sala op 1994 (1)}) 12... Be6 13. Bb3 Bd7 14. a4 f5 15. exf5 Bxf5 16. Bc2 Qc8 17. Be4 Bd6 18. Qc2 Nce7 19. Nc4 Qe6 20. Ncd2 h6 21. Rfe1 a5 22. b5 Rad8 23. Rad1 b6 24. Bxf5 Nxf5 25. Ne4 Nge7 26. Bc1 Qg6 27. c4 Nd4 28. Nxd4 exd4 29. Qd3 Bb4 30. Bd2 Qf7 31. Bxb4 axb4 32. c5 Ng6 33. cxb6 cxb6 34. Qg3 Nf4 35. Kh1 d3 36. Rd2 b3 37. f3 Qc4 38. Qf2 Qxa4 39. Qxb6 Rb8 40. Qe3 Qxb5 41. Rb1 Rbd8 42. Rdb2 Qa5 43. h3 Rc8 44. Qd2 Qe5 45. Nf2 Rc2 46. Nxd3 Nxd3 47. Rxc2 bxc2 48. Qxc2 Nf4 49. Qf2 Nh5 50. Re1 Qf4 51. Kg1 Ng3 52. Qe3 Qf6 53. Qe5 Qb6+ 54. Kh2 Nf5 55. Re4 Qd6 56. Qxd6 Nxd6 57. Re6 Nf5 58. Re5 Kh7 59. Re4 Rf7 60. h4 Ne7 61. Kh3 Nd5 62. Re5 Nf4+ 63. Kg3 Ng6 64. Re4 Ne7 65. Kh3 Ng8 66. Rd4 Ra7 67. Re4 Kg6 68. g4 Nf6 69. Re5 (69. Rf4 $142) 69... Ra3 70. Kg3 (70. h5+ $142 Kf7 71. Rf5) 70... Kf7 (70... h5 $142 71. gxh5+ Nxh5+ 72. Kf2 Ra4) 71. h5 (71. Kf4 {keeps fighting.}) 71... Nh7 $19 72. Rf5+ Ke6 73. Kg2 Ng5 74. Kg3 Rb3 75. Kg2 Rb1 76. Rf8 Nf7 (76... Rb2+ $142 77. Kg3 Ke7) 77. Kg3 (77. Re8+ $142 Kf6 78. Ra8) 77... Rb3 $19 78. Kg2 Ke7 79. Rg8 Kf6 80. Rf8 Ra3 (80... Rd3 $19 {( -> ...Rd2+)} 81. Ra8 Kg5) 81. Kg3 $2 (81. f4 $17 {is the only way for White.}) 81... Ke6 82. Re8+ Kd6 83. Rg8 Ng5 84. Rf8 Ke6 85. Rf5 $1 Ne4+ 86. Kf4 (86. Kh3 $142) 86... Nd6 87. Rf8 (87. Re5+ $142 Kf6 88. Rd5) 87... Nf7 $19 88. Kg3 Rc3 (88... Ke7 $142 89. Rg8 Ne5 (89... Kf6 $2 90. Kg2 $19) 90. Rxg7+ Kf6) 89. Re8+ Kd6 90. Rf8 $2 (90. Ra8) 90... Ke7 $19 91. Rg8 Kf6 (91... Ne5 $142 92. Rxg7+ Kf6) 92. Rf8 Rd3 93. Kg2 $2 (93. Re8 $19) 93... Rd8 94. Rxd8 Nxd8 95. f4 Nf7 96. Kf3 Ke6 97. Ke4 Nd6+ 98. Kd4 Ne8 99. Ke3 Kd5 100. g5 Nd6 101. gxh6 gxh6 102. Kf3 Ke6 103. Kg4 Kf6 104. Kg3 Kf5 105. Kf3 Ne4 106. Ke3 Nf6 0-1

[Event "Clash of Blames WCE 2024"]
[Site "London"]
[Date "2024.08.21"]
[Round "36"]
[White "Martinez, Jose"]
[Black "Kramnik, Vladimir"]
[Result "0-1"]
[WhiteElo "2691"]
[BlackElo "2676"]
[Annotator "RC"]
[PlyCount "106"]
[EventDate "2024.08.25"]
[EventType "match"]
[EventRounds "36"]
[EventCountry "ENG"]
[SourceTitle "playchess.com"]
[Source "ChessBase"]
[SourceQuality "1"]

1. e4 c5 2. Nc3 d6 3. d4 cxd4 4. Qxd4 Nc6 5. Qd1 g6 6. Nf3 Bg7 7. h3 Nf6 8. Bc4 O-O 9. O-O Na5 10. Bb3 b6 11. Re1 Nxb3 12. axb3 Bb7 13. Bg5 h6 14. Bf4 a6 15. Qd2 g5 16. Bg3 Rc8 17. Qd3 Nh5 18. Bh2 Qc7 19. Nd4 e6 20. Nde2 Be5 21. Qf3 Bxh2+ 22. Kxh2 d5+ 23. Kg1 Nf4 24. Nxf4 dxe4 25. Nxe4 Qxf4 26. Qxf4 gxf4 27. Nd6 Rc7 28. Nxb7 Rxb7 29. Rxa6 Rc8 30. c3 Rc5 31. Rd1 Kg7 32. Kf1 e5 33. b4 Rc6 34. Ke2 e4 35. Rd5 Kg6 36. Ra8 Re6 37. Rg8+ Kh7 38. Rg4 Rf6 39. Re5 f3+ 40. Kf1 Ra7 41. Rgxe4 Ra2 42. gxf3 Rxb2 43. Kg2 Rc2 44. c4 Rg6+ 45. Kf1 Rc1+ 46. Ke2 Rgg1 47. Ke3 Rgf1 48. Rb5 Rc3+ 49. Ke2 Rb1 50. Rxb6 Rb2+ 51. Kf1 Rcc2 52. Rb7 Rxf2+ 53. Ke1 Rh2 0-1

[Event "Clash of Blames WCE 2024"]
[Site "London"]
[Date "2024.08.21"]
[Round "36"]
[White "Martinez Alcantara, Jose Eduardo"]
[Black "Kramnik, Vladimir"]
[Result "0-1"]
[WhiteElo "2612"]
[BlackElo "2753"]
[Annotator "TA"]
[PlyCount "106"]
[EventDate "2024.08.25"]
[EventType "match"]
[EventRounds "36"]
[EventCountry "ENG"]
[SourceTitle "playchess.com"]
[Source "ChessBase"]
[SourceQuality "1"]

{[%evp 16,106,0,-11,-15,-11,0,-26,0,0,0,3,2,-12,1,-3,7,0,7,0,0,0,0,2,0,-23,-21,0,24,15,72,75,75,71,74,70,77,92,71,82,71,70,84,75,108,101,111,34,143,23,156,163,152,141,154,131,206,198,247,250,241,250,246,247,247,148,202,191,178,190,190,189,154,83,82,70,156,150,212,205,408,394,371,110,365,355,427,366,417,0,0,-29992,-29993]} 1. e4 c5 2. Nc3 d6 3. d4 cxd4 4. Qxd4 Nc6 5. Qd1 g6 6. Nf3 Bg7 7. h3 Nf6 8. Bc4 O-O 9. O-O Na5 10. Bb3 b6 11. Re1 Nxb3 {Black has an edge.} 12. axb3 Bb7 13. Bg5 h6 14. Bf4 {[%cal Bg5f4,Bf4g3,Bg3h2][%mdl 32]} a6 15. Qd2 g5 16. Bg3 Rc8 {[%cal Oc8c3]} 17. Qd3 Nh5 18. Bh2 Qc7 {[%cal Rg7c3]} 19. Nd4 e6 {Prevents Nf5} 20. Nde2 Be5 21. Qf3 Bxh2+ 22. Kxh2 d5+ (22... Ng7 $11 {remains equal.}) 23. Kg1 Nf4 24. Nxf4 dxe4 25. Nxe4 Qxf4 26. Qxf4 gxf4 27. Nd6 $36 {[%csl LRb7,LRc8][%mdl 2048] White is really pushing.} Rc7 28. Nxb7 Rxb7 29. Rxa6 $16 {[%mdl 4096] Endgame. KRR-KRR} Rc8 30. c3 Rc5 31. Rd1 ({White should try} 31. Re4 $16) 31... Kg7 (31... Ra5 $1 $14 32. Rd8+ Kg7) 32. Kf1 (32. b4 $16 Rf5 33. Kf1) 32... e5 (32... Ra5 $1 $11 33. Rxa5 bxa5) 33. b4 Rc6 34. Ke2 e4 35. Rd5 Kg6 (35... Rg6 $16) 36. Ra8 $18 Re6 (36... f5 $142 37. b5 Rc5 38. Rxc5 bxc5) 37. Rg8+ Kh7 38. Rg4 Rf6 39. Re5 f3+ 40. Kf1 (40. gxf3 $18 exf3+ 41. Kd3 (41. Ke3 Rd6 $18)) 40... Ra7 (40... Rd7 $16 41. Rgxe4 (41. Rexe4 h5 $16) 41... Rd1+ 42. Re1 Rd2) 41. Rgxe4 Ra2 42. gxf3 Rxb2 43. Kg2 Rc2 44. c4 ({White should play} 44. Rc4) 44... Rg6+ 45. Kf1 Rc1+ ({Better is} 45... Rf6 $1 $14) 46. Ke2 $16 Rgg1 (46... Rf6 $16 47. Rd5 Rc2+ 48. Rd2 Rc1) 47. Ke3 $18 Rgf1 $2 {[#]} (47... Rc3+ {was necessary.} 48. Kf4 Kg7) 48. Rb5 Rc3+ 49. Ke2 $2 (49. Kd4 $18 {has better winning chances.} Rxf3 50. Rxb6 R1xf2 51. Rh4 (51. c5 Rxh3 52. Kc4 Rf5 $18)) 49... Rb1 $2 {[%mdl 8192]} (49... Rfc1 $16 {was called for.}) 50. Rxb6 Rb2+ 51. Kf1 Rcc2 52. Rb7 $2 (52. Kg2 $18) 52... Rxf2+ $11 53. Ke1 $2 {[%mdl 8192] [#]} (53. Kg1 $11) 53... Rh2 $1 {What a bad dream for White.   Weighted Error Value: White=0.51/Black=0.35.  Loses game:     	White=1     	Black=1      Missed win:     	White=2     	---        Mistake:       	White=4     	Black=9      Inaccurate:     	White=1     	Black=2      OK:         	White=15    	Black=13     Best:        	White=4     	Black=2      Strong:       	---       	Black=1} 0-1